Etats des Etats Unis / Drapeaux / Capitales - Statistiques

Statistiques générales
  • Ce quiz a été pris 377 fois
  • Le résultat moyen est 43 sur 100
Statistiques - réponses
Drapeaux États % Correct
Arkansas
99%
Oregon
85%
Californie
83%
Kansas
83%
Wisconsin
83%
Montana
81%
Oklahoma
80%
Iowa
79%
Illinois
77%
Dakota du Sud
71%
Washington
70%
Texas
69%
Colorado
61%
Californie Sacramento
60%
Alaska
58%
Hawaï
58%
Minnesota
58%
Oklahoma Oklahoma City
56%
Caroline Du Nord
55%
Dakota du Nord
54%
Wyoming
53%
Alabama
52%
Arizona
52%
Floride
51%
Nouveau-Mexique
50%
Oregon Salem
50%
Arkansas Little Rock
49%
Texas Austin
48%
Hawaï Honolulu
48%
Utah
48%
Virginie
48%
Nebraska
47%
Ohio
46%
Dakota du Sud Pierre
46%
Illinois Springfield
46%
Indiana
45%
Maryland
45%
Nevada
45%
Colorado Denver
44%
Iowa Des Moines
44%
Montana Helena
44%
Alaska Juneau
44%
Tennessee
44%
Idaho
43%
Kentucky
42%
Wisconsin Madison
42%
Maine
41%
Washington Olympia
41%
Arizona Phoenix
41%
Kansas Topeka
41%
Caroline du Sud
40%
Louisiane
40%
Mississippi Mississippi
40%
New York
40%
Delaware
39%
New Hampshire
39%
Rhode Island
39%
Utah Salt Lake City
39%
Caroline Du Nord Raleigh
37%
Virginie-Occidentale
37%
Wyoming Cheyenne
36%
Indiana Indianapolis
36%
Alabama Montgomery
36%
Nouveau-Mexique Santa Fe
36%
Michigan
35%
Minnesota Saint Paul
35%
Floride Tallahassee
35%
Pennsylvanie
34%
Vermont
34%
Massachusetts
33%
Missouri
33%
New Jersey
33%
Tennessee Nashville
32%
Virginie Richmond
32%
Louisiane Baton Rouge
31%
Géorgie
31%
Dakota du Nord Bismark
30%
Idaho Boise
30%
Ohio Columbus
30%
Nebraska Lincoln
30%
Connecticut
29%
New York Albany
28%
Maryland Annapolis
28%
Nevada Carson City
28%
Maine Augusta
27%
Kentucky Frankfort
27%
Mississippi Jackson
27%
Caroline du Sud Columbia
26%
Géorgie Atlanta
25%
Massachusetts Boston
25%
Delaware Dover
25%
Vermont Montpelier
25%
Virginie-Occidentale Charleston
23%
New Hampshire Concord
23%
Pennsylvanie Harrisburg
23%
Rhode Island Providence
23%
Missouri Jefferson
22%
Michigan Lansing
21%
New Jersey Trenton
20%
Connecticut Hartford
17%
Aucun quiz correspondant
Distribution des résultats
% des personnes avec chaque résultat
Percentile par nombre de réponses
Votre historique - résultats
Vous n’avez pas pris ce quiz